IMPACT OF DIGITAL GAME-BASED FORMATIVE ASSESSMENT ON LEARNING QUALITY AND EFFICIENCY : (Record no. 528057)

000 -LEADER
fixed length control field 00676nam a22001697a 4500
020 ## - INTERNATIONAL STANDARD BOOK NUMBER
Qualifying information Hard Cover.
082 ## - DEWEY DECIMAL CLASSIFICATION NUMBER
Classification number 371.33
100 ## - MAIN ENTRY--PERSONAL NAME
Personal name Asrar, Ramsha
245 ## - TITLE STATEMENT
Title IMPACT OF DIGITAL GAME-BASED FORMATIVE ASSESSMENT ON LEARNING QUALITY AND EFFICIENCY :
Remainder of title USING GAME-BASED APPLICATION TO ASSESS ENGLISH VOCABULARY IN PRIMARY LEVEL STUDENTS /
Statement of responsibility, etc. Ramsha Asrar.
260 ## - PUBLICATION, DISTRIBUTION, ETC.
Place of publication, distribution, etc. Islambad:
Name of publisher, distributor, etc. SEECS - NUST,
Date of publication, distribution, etc. 2018.
300 ## - PHYSICAL DESCRIPTION
Extent 106 p. : ill. ;
Dimensions 30cm.
650 ## - SUBJECT ADDED ENTRY--TOPICAL TERM
Topical term or geographic name entry element Ph. D. Thesis.
700 ## - ADDED ENTRY--PERSONAL NAME
Personal name Dr. Muhamamd Muddassir Malik.
856 ## - Uniform Resource Identifier
Uniform Resource Identifier <a href="http://10.250.8.41:8080/xmlui/handle/123456789/17804">http://10.250.8.41:8080/xmlui/handle/123456789/17804</a>
942 ## - ADDED ENTRY ELEMENTS (KOHA)
Source of classification or shelving scheme
Koha item type Thesis
650 ## - SUBJECT ADDED ENTRY--TOPICAL TERM
-- 19288
700 ## - ADDED ENTRY--PERSONAL NAME
-- 19589
Holdings
Withdrawn status Lost status Source of classification or shelving scheme Damaged status Not for loan Permanent Location Current Location Shelving location Date acquired Full call number Barcode Date last seen Price effective from Non-public note Koha item type
          Central Library (CL) Central Library (CL) Thesis 08/27/2019 371.33 CL-T-3199 08/27/2019 08/27/2019 Minute Sheet No. 0929/02/CL/Survey/5 dated 23rd April 2024 E-MIN ID 114741 Thesis
          Central Library (CL) Central Library (CL) Thesis 01/04/2020 371.33 CL-T-4445 01/04/2020 01/04/2020 Minute Sheet No. 0929/02/CL/Survey/5 dated 23rd April 2024 E-MIN ID 114741 Thesis
© 2023 Central Library, National University of Sciences and Technology. All Rights Reserved.